Offshore power : (Record no. 60370)
[ view plain ]
| 000 -LEADER | |
|---|---|
| fixed length control field | 01508cam a2200349 a 4500 |
| 001 - CONTROL NUMBER | |
| control field | 15793226 |
| 003 - CONTROL NUMBER IDENTIFIER | |
| control field | NUST-PNEC |
| 005 - DATE AND TIME OF LATEST TRANSACTION | |
| control field | 20170116180655.0 |
| 008 - FIXED-LENGTH DATA ELEMENTS--GENERAL INFORMATION | |
| fixed length control field | 090626s2009 okuab b 001 0 eng |
| 010 ## - LIBRARY OF CONGRESS CONTROL NUMBER | |
| LC control number | 2009024232 |
| 020 ## - INTERNATIONAL STANDARD BOOK NUMBER | |
| International Standard Book Number | 9781593702113 |
| 020 ## - INTERNATIONAL STANDARD BOOK NUMBER | |
| International Standard Book Number | 1593702116 |
| 035 ## - SYSTEM CONTROL NUMBER | |
| System control number | (OCoLC)ocn419262871 |
| 040 ## - CATALOGING SOURCE | |
| Original cataloging agency | DLC |
| Transcribing agency | PNEC |
| Modifying agency | BTCTA |
| -- | C#P |
| -- | AGL |
| -- | DLC |
| 043 ## - GEOGRAPHIC AREA CODE | |
| Geographic area code | n-us--- |
| 050 00 - LIBRARY OF CONGRESS CALL NUMBER | |
| Classification number | TK1193.U5 |
| Item number | M45 2009 |
| 082 00 - DEWEY DECIMAL CLASSIFICATION NUMBER | |
| Classification number | 333.79 MEL |
| 100 1# - MAIN ENTRY--PERSONAL NAME | |
| Personal name | Melnyk, Markian M. W. |
| 245 10 - TITLE STATEMENT | |
| Title | Offshore power : |
| Remainder of title | building renewable energy projects in U.S. waters / |
| Statement of responsibility, etc. | Markian M.W. Melnyk, Robert M. Andersen. |
| 260 ## - PUBLICATION, DISTRIBUTION, ETC. | |
| Place of publication, distribution, etc. | Tulsa, Okla. : |
| Name of publisher, distributor, etc. | PennWell Corp., |
| Date of publication, distribution, etc. | c2009. |
| 300 ## - PHYSICAL DESCRIPTION | |
| Extent | xx, 476 p. : |
| Other physical details | ill., maps (some col.) ; |
| Dimensions | 24 cm. |
| 500 ## - GENERAL NOTE | |
| General note | http://www.amazon.com/Offshore-Power-Building-Renewable-Projects/dp/1593702116/ref=sr_1_1?s=books&ie=UTF8&qid=1409380816&sr=1-1&keywords=9781593702113 |
| 504 ## - BIBLIOGRAPHY, ETC. NOTE | |
| Bibliography, etc. note | Includes bibliographical references and index. |
| 650 #0 - SUBJECT ADDED ENTRY--TOPICAL TERM | |
| Topical term or geographic name entry element | Offshore electric power plants |
| Geographic subdivision | United States. |
| 650 #0 - SUBJECT ADDED ENTRY--TOPICAL TERM | |
| Topical term or geographic name entry element | Ocean energy resources. |
| General subdivision | ME, IME |
| 700 1# - ADDED ENTRY--PERSONAL NAME | |
| Personal name | Andersen, Robert M. |
| 856 42 - ELECTRONIC LOCATION AND ACCESS | |
| Materials specified | Publisher description |
| Uniform Resource Identifier | <a href="http://www.loc.gov/catdir/enhancements/fy1214/2009024232-d.html">http://www.loc.gov/catdir/enhancements/fy1214/2009024232-d.html</a> |
| 856 41 - ELECTRONIC LOCATION AND ACCESS | |
| Materials specified | Table of contents only |
| Uniform Resource Identifier | <a href="http://www.loc.gov/catdir/enhancements/fy1214/2009024232-t.html">http://www.loc.gov/catdir/enhancements/fy1214/2009024232-t.html</a> |
| 906 ## - LOCAL DATA ELEMENT F, LDF (RLIN) | |
| a | 7 |
| b | cbc |
| c | orignew |
| d | 1 |
| e | ecip |
| f | 20 |
| g | y-gencatlg |
| 942 ## - ADDED ENTRY ELEMENTS (KOHA) | |
| Source of classification or shelving scheme | |
| Koha item type | Book |
| Withdrawn status | Lost status | Source of classification or shelving scheme | Damaged status | Not for loan | Permanent Location | Current Location | Date acquired | Source of acquisition | Cost, normal purchase price | Total Checkouts | Full call number | Barcode | Date last seen | Cost, replacement price | Price effective from | Koha item type |
|---|---|---|---|---|---|---|---|---|---|---|---|---|---|---|---|---|
| Pakistan Navy Engineering College (PNEC) | Pakistan Navy Engineering College (PNEC) | 06/17/2010 | Progressive International Agency | 7195.47 | 333.79 MEL | PNECLIB-029494 | 08/30/2014 | 7195.47 | 06/17/2010 | Book |
